00497 2200205 4500001002100000005001500021035002000036008004100056245004000097100001800137250000600155260003800161300001200199084001400211082000800225650001000233520002400243990001200267990001200279INLIS00000000000089920240604074242 a0010-0524000134240604 1 ind 1 aForever In My Heart /cMonica Petra aPetra, Monica a1 aYogyakarta :bSheila/ Andi,c2015 a266 hlm a813 MON f a813 4aFiksi aForever In My Heart a0741398 a0741399